Management information system: managing the digital firm / (Record no. 523)

000 -LEADER
fixed length control field 00533 a2200169 4500
008 - FIXED-LENGTH DATA ELEMENTS--GENERAL INFORMATION
fixed length control field 221025b ||||| |||| 00| 0 eng d
020 ## - INTERNATIONAL STANDARD BOOK NUMBER
International Standard Book Number 9789332548909
082 00 - DEWEY DECIMAL CLASSIFICATION NUMBER
Classification number 658.4038
Item number L372
100 ## - MAIN ENTRY--PERSONAL NAME
Personal name Laudon, Kenneth C.
9 (RLIN) 5249
245 ## - TITLE STATEMENT
Title Management information system: managing the digital firm /
250 ## - EDITION STATEMENT
Edition statement 14th ed.
260 ## - PUBLICATION, DISTRIBUTION, ETC. (IMPRINT)
Place of publication, distribution, etc Delhi:
Name of publisher, distributor, etc Pearson Education,
Date of publication, distribution, etc 2016.
300 ## - PHYSICAL DESCRIPTION
Extent xxx, 688 p.
650 #0 - SUBJECT ADDED ENTRY--TOPICAL TERM
Topical term or geographic name as entry element Management Information Systems
700 ## - ADDED ENTRY--PERSONAL NAME
9 (RLIN) 5250
Personal name Laudon, Jane P.
942 ## - ADDED ENTRY ELEMENTS (KOHA)
Source of classification or shelving scheme
Item type Books
Holdings
Withdrawn status Lost status Source of classification or shelving scheme Damaged status Not for loan Permanent location Current location Date acquired Source of acquisition Cost, normal purchase price Full call number Barcode Date last seen Cost, replacement price Koha item type Total Checkouts Date last borrowed
          IMU Kolkata IMU Kolkata 2017-03-24 Jyoti, the Book People 486.50 658.4038 L372 12268 2019-10-21 695.00 Books    
          IMU Kolkata IMU Kolkata 2017-03-24 Jyoti, the Book People 486.50 658.4038 L372 12269 2019-10-21 695.00 Books    
          IMU Kolkata IMU Kolkata 2017-03-24 Jyoti, the Book People 486.50 658.4038 L372 12270 2025-03-21 695.00 Books 1 2025-03-12
          IMU Kolkata IMU Kolkata 2017-03-24 Jyoti, the Book People 486.50 658.4038 L372 12271 2019-10-21 695.00 Books    
          IMU Kolkata IMU Kolkata 2017-03-24 Jyoti, the Book People 486.50 658.4038 L372 12272 2019-10-21 695.00 Books    
Designed and Maintained by IMU-KC Library, Kolkata Campus © Copyright All Rights Reserved

webs counters

Powered by Koha